=LDR 00000nam 2200000 4500 =001 INLIS000000000028072 =005 20130612130413 =008 ***********************************Ind** =035 ##$$0010-061300000028072 =041 ##$$a Ind =082 ##$$a 810.08 =090 ##$$a 810.08, Tan r =100 ##$$a Tantri, K'tut =245 ##$$a Revolusi di Nusa Damai, oleh K'tut Tantri ; alih bahasa, Agus Setiadi =260 ##$$a 2005 $b Jakarta =300 ##$$a 363 hlm, 22 cm =650 ##$$a Kesusastraan Indonesia-Kumpulan =850 ##$$a NBPNMAT =990 ##$$a 0001/BPAP-NTB/2015